№ 1 (142); Каротажник

Podrobná bibliografie
Parent link:Каротажник: научно-технический вестник/ Ассоциация научно-технического и делового сотрудничества по геофизическим исследованиям и работам в скважинах. № 1 (142).— , 2000-
Jazyk:ruština
Vydáno: 2006
Médium: MixedMaterials Kniha
KOHA link:https://koha.lib.tpu.ru/cgi-bin/koha/opac-detail.pl?biblionumber=400238

MARC

LEADER 00000nam2a2200000 4500
001 400238
005 20231101065350.0
035 |a (RuTPU)RU\TPU\prd\42376 
035 |a RU\TPU\prd\42223 
090 |a 400238 
100 |a 20060403a20009999m y0rusy50 ca 
101 0 |a rus 
102 |a RU 
200 0 |a № 1 (142) 
210 |d 2006 
461 1 |0 (RuTPU)RU\TPU\prd\35788  |t Каротажник  |o научно-технический вестник  |f Ассоциация научно-технического и делового сотрудничества по геофизическим исследованиям и работам в скважинах  |v № 1 (142)  |d 2000- 
801 0 |a RU  |b 63413507  |c 20010227  |g PSBO 
801 1 |a RU  |b 63413507  |c 20060328  |g PSBO 
801 2 |a RU  |b 63413507  |c 20110510  |g PSBO 
942 |c BK 
999 |a НТБ_ТПУ  |b НФ  |e -1/20060110  |p П-9377  |u 0,00  |v 1